|
|
|
|
| LEADER |
01083naa a2200265 i 4500 |
| 001 |
acta73009 |
| 005 |
20230301145535.0 |
| 008 |
210714s2018 hu o 1|| eng d |
| 020 |
|
|
|a 978-963-306-589-1
|
| 040 |
|
|
|a SZTE Egyetemi Kiadványok Repozitórium
|b hun
|
| 041 |
|
|
|a eng
|
| 100 |
1 |
|
|a Kristó István
|
| 245 |
1 |
4 |
|a The effect of different weed control technologies on yield of maize and profitability of maize production
|h [elektronikus dokumentum] /
|c Kristó István
|
| 260 |
|
|
|c 2018
|
| 300 |
|
|
|a 61
|
| 490 |
0 |
|
|a Wellmann International Scientific Conference
|
| 650 |
|
4 |
|a Mezőgazdaság-tudományok
|
| 650 |
|
4 |
|a Mezőgazdaság, erdészet, halászat
|
| 695 |
|
|
|a Kukoricatermesztés - előadáskivonat, Gyomirtás - vegyszeres - előadáskivonat
|
| 700 |
0 |
1 |
|a Vaczkó Gábor
|e aut
|
| 700 |
0 |
1 |
|a Tar Melinda
|e aut
|
| 700 |
0 |
1 |
|a Jakab Péter
|e aut
|
| 700 |
0 |
1 |
|a Hódi László
|e aut
|
| 711 |
|
|
|a Wellmann International Scientific Conference (16.)
|c Hódmezővásárhely
|d 2018
|
| 856 |
4 |
0 |
|u http://acta.bibl.u-szeged.hu/73009/1/wellmann_abstracts_2018_061.pdf
|z Dokumentum-elérés
|